Vivir para contarla /
Guardado en:
| Autor Principal: | |
|---|---|
| Formato: | Libro |
| Publicado: |
Buenos Aires :
Sudamericana,
2002
|
| Materias: | |
| Etiquetas: |
Agregar Etiqueta
Sin Etiquetas, Sea el primero en etiquetar este registro!
|
| LEADER | 00682nam a22002175a 4500 | ||
|---|---|---|---|
| 001 | CEM.cems011105 | ||
| 005 | 20100916092223.0 | ||
| 008 | 130507s2002##################000#0#####d | ||
| 003 | CEMS | ||
| 020 | |a 9500722984 | ||
| 082 | 0 | 4 | |a C863.4 |
| 100 | 1 | |a García Márquez, Gabriel | |
| 245 | 1 | 0 | |a Vivir para contarla / |c Gabriel García Márquez |
| 260 | |a Buenos Aires : |b Sudamericana, |c 2002 | ||
| 300 | |a 592 p. | ||
| 653 | |a Literatura | ||
| 653 | |a Literatura colombiana-siglo 20 | ||
| 653 | |a Novelas | ||
| 653 | |a Novela colombiana-siglo 20 | ||
| 859 | |a CEMS |b BIB. CEMS - 11 de abril |h C863.4 |i G165-10 |p 21903.02 |t Ej.1 | ||
| 859 | |a CEMS |b BIB. CEMS - 11 de abril |h C863.4 |i G165-10 |p 22014.03 |t Ej.2 | ||
